ORIGIN (Record no. 30221)

MARC details
000 -LEADER
fixed length control field 00299nam a2200133Ia 4500
008 - FIXED-LENGTH DATA ELEMENTS--GENERAL INFORMATION
fixed length control field 240624s9999 xx 000 0 und d
041 ## - LANGUAGE CODE
Language code of text/sound track or separate title eng
082 ## - DEWEY DECIMAL CLASSIFICATION NUMBER
Classification number 823 BRO
100 ## - MAIN ENTRY--PERSONAL NAME
Personal name BRUTON GARRY D
245 ## - TITLE STATEMENT
Title ORIGIN
260 ## - PUBLICATION, DISTRIBUTION, ETC.
Date of publication, distribution, etc. 2017
Place of publication, distribution, etc. London
Name of publisher, distributor, etc. Bantam Press
300 ## - PHYSICAL DESCRIPTION
Extent 461 p.; 24 cm.
365 ## - TRADE PRICE
Currency code RS
Holdings
Withdrawn status Lost status Damaged status Not for loan Home library Current library Shelving location Date acquired Cost, normal purchase price Total Checkouts Total Renewals Full call number Barcode Date last seen Date last checked out Price effective from Koha item type
        IMTN IMTN Rack 39-A 01/22/2018 415.00 1 2 823 BRO 30221 01/16/2025 11/05/2024 06/24/2024 Books
Designed & Maintained by: LRC IMT Nagpur Contact: lrc@imtnag.ac.in© 2024. All Rights Reserved.